| 000 | 01359cam a22003497a 4500 | ||
|---|---|---|---|
| 999 |
_c328832 _d328832 |
||
| 001 | 14831811 | ||
| 003 | ASAB | ||
| 005 | 20170417162024.0 | ||
| 008 | 070502s2007 enka f b 001 0 eng d | ||
| 010 | _a 2007405794 | ||
| 015 |
_aGBA486297 _2bnb |
||
| 016 | 7 |
_a013053159 _2Uk |
|
| 020 | _a1-84076-051-6 | ||
| 035 | _a(OCoLC)ocm57166344 | ||
| 040 | _cASAB | ||
| 042 | _alccopycat | ||
| 050 | 0 | 0 |
_aSB608.F8 _bA45 2007 |
| 082 | 0 | 4 |
_a634.04 _222 |
| 100 | 1 | _aAlford, D. V. | |
| 245 | 1 | 0 |
_aPests of fruit crops : _ba colour handbook / _cDavid V. Alford. |
| 260 |
_aLondon : _bManson, _cc2007. |
||
| 300 |
_a461 p. : _bcol. ill. ; _c27 cm. |
||
| 490 | 0 | _aPlant protection handbook series | |
| 500 | _aPrevious ed.: published as A colour atlas of fruit pests. London: Wolfe, 1984. | ||
| 504 | _aIncludes bibliographical references (p. 433-434) and indexes. | ||
| 650 | 0 |
_aFruit _xDiseases and pests. |
|
| 700 | 1 |
_aAlford, D. V. _tColour atlas of fruit pests. |
|
| 856 | 4 | 1 |
_3Table of contents only _uhttp://www.loc.gov/catdir/toc/fy0713/2007405794.html |
| 906 |
_a7 _bcbc _ccopycat _d2 _encip _f20 _gy-gencatlg |
||
| 942 |
_2ddc _cBK |
||